| 000 | 00571nam a22001937a 4500 | ||
|---|---|---|---|
| 999 |
_c5744 _d5744 |
||
| 003 | GBCCL | ||
| 005 | 20241126110549.0 | ||
| 008 | 180405b ||||| |||| 00| 0 eng d | ||
| 040 | _cgbc | ||
| 082 |
_a248.86 _bCAR |
||
| 100 |
_aCarmichael, Amy _910375 |
||
| 245 |
_aRose from brier / _cAmy Carmichael |
||
| 260 |
_aPennsylvania: _bChristian Literature Crusade, _c1973 |
||
| 300 |
_a200 p.; _c18 cm. |
||
| 650 |
_aSuffering _vReligious aspects _xChristianity _97869 |
||
| 650 |
_aConsolation _9348 |
||
| 650 |
_aReligion _vChristian life _xDevotional _910376 |
||
| 942 |
_2ddc _cBK |
||